Fundamental financial accounting concepts / (Record no. 7902)

MARC details
000 -LEADER
fixed length control field 00501cam a22001694a 4500
020 ## - INTERNATIONAL STANDARD BOOK NUMBER
ISBN 9780073526782 (alk. paper)
020 ## - INTERNATIONAL STANDARD BOOK NUMBER
ISBN 0073526789 (alk. paper)
050 00 - CALL NUMBER
Classification number HF5636
Item number .F86
245 00 - TITLE
Title Fundamental financial accounting concepts /
Statement of responsibility, etc Thomas P. Edmonds ... [et al.].
250 ## - EDITION
Edition statement 6th ed.
260 ## - PUBLICATION INFORMATION
Place of publication Boston :
Name of publisher McGraw-Hill Irwin,
Year of publication 2008.
300 ## - DESCRIPTION
Number of Pages xxxvii, 761 p. :
Other physical details col. ill ;
Dimensions 28 cm.
500 ## - NOTES
General note Includes index.
650 #0 - SUBJECTS
Topical Term Accounting.
700 1# - OTHER AUTHORS
Personal name Edmonds, Thomas P.
942 ## - ADDED ENTRY ELEMENTS (KOHA)
Koha item type Books
Holdings
Withdrawn status Lost status Home library Current library Date acquired Full call number Accession Number Koha item type
    Methodist University Library Wenchi Faculty Methodist University Library Wenchi Faculty 18/10/2021 HF5636 .F86 31336 Books
Copyright © 2026  MUG Library